|
|
|
|
| LEADER |
00000nam0a2200000 4500 |
| 001 |
284405 |
| 005 |
20231101235706.0 |
| 035 |
|
|
|a (RuTPU)RU\TPU\book\308565
|
| 090 |
|
|
|a 284405
|
| 100 |
|
|
|a 20150214d1984 km y0rusy50 ca
|
| 101 |
0 |
|
|a rus
|
| 102 |
|
|
|a RU
|
| 105 |
|
|
|a a z 101zy
|
| 200 |
1 |
|
|a Совершенствование подготовки специалистов с высшим образованием без отрыва от производства в свете решений XXVI съезда КПСС
|e материалы научно-методической конференции вузов Урала и Сибири
|f Челябинский политехнический институт (ЧелПИ) ; под ред. В. А. Путина
|
| 210 |
|
|
|a Челябинск
|c Изд-во ЧПИ
|d 1984
|
| 215 |
|
|
|a 308 с.
|c ил.
|
| 320 |
|
|
|a Библиография в конце статей
|
| 606 |
1 |
|
|a Высшее образование заочное
|2 stltpush
|3 (RuTPU)RU\TPU\subj\3992
|9 32312
|
| 610 |
1 |
|
|a вузы
|
| 610 |
1 |
|
|a специалисты
|
| 610 |
1 |
|
|a подготовка
|
| 610 |
1 |
|
|a вечернее образование
|
| 610 |
1 |
|
|a дистанционное образование
|
| 610 |
1 |
|
|a учебные процессы
|
| 610 |
1 |
|
|a изобретательская деятельность
|
| 610 |
1 |
|
|a лекционные курсы
|
| 610 |
1 |
|
|a технические средства
|
| 610 |
1 |
|
|a конференции
|
| 686 |
|
|
|a Ч484(2)76л0
|v LBC/SL-A
|2 rubbk
|
| 702 |
|
1 |
|a Путин
|b В. А.
|4 340
|
| 712 |
0 |
2 |
|a Челябинский политехнический институт (ЧелПИ)
|c (1951-1990)
|2 stltpush
|3 (RuTPU)RU\TPU\col\7924
|
| 801 |
|
1 |
|a RU
|b 63413507
|c 20150214
|
| 801 |
|
2 |
|a RU
|b 63413507
|c 20180205
|g RCR
|
| 942 |
|
|
|c BK
|